Blockchain Technology in Business bakalárska práca

Salvato in:
Dettagli Bibliografici
Autore principale: Hu, Yikun
Ente Autore: Fakulta podnikového manažmentu EU. Katedra informačného manažmentu
Altri autori: Zelina, Michal, 1981-
Natura: Libro
Lingua:inglese
Pubblicazione: Bratislava 2020
Tags: Aggiungi Tag
Nessun Tag, puoi essere il primo ad aggiungerne!!

MARC

LEADER 00000nbm a2200000 4500
001 0266126
005 20201126101536.3
041 0 |a eng 
044 |a SK 
245 1 0 |a Blockchain Technology in Business  |b bakalárska práca  |c Yikun Hu ; školiteľ: Michal Zelina 
264 1 |a Bratislava  |c 2020 
300 |a 52 s. 
100 1 |a Hu, Yikun 
700 1 |a Zelina, Michal, 1981- 
710 2 |a Fakulta podnikového manažmentu EU. Katedra informačného manažmentu